LIBRARY & INFORMATION CENTRE, KCAET, TAVANUR

ONLINE PUBLIC ACCESS CATALOGUE (OPAC)

Mastering Autocad release 12 / (Record no. 2761)

MARC details
000 -LEADER
fixed length control field 00478cam a2200193ua 4500
020 ## - INTERNATIONAL STANDARD BOOK NUMBER
ISBN 81-7029-254-9
041 ## - LANGUAGE CODE
Language code of text/sound track or separate title eng
082 ## - DEWEY DECIMAL CLASSIFICATION NUMBER
Classification number 005.369
Item number OMU/MA
100 ## - MAIN ENTRY--AUTHOR NAME
Personal name Omura, George .
245 ## - TITLE STATEMENT
Title Mastering Autocad release 12 /
250 ## - EDITION STATEMENT
Edition statement 1 /
260 ## - PUBLICATION, DISTRIBUTION, ETC. (IMPRINT)
Place of publication New delhi :
Name of publisher BPB Publications ,B-14 ,
Year of publication 1994.
300 ## - PHYSICAL DESCRIPTION
Number of Pages 1142 ; .
500 ## - GENERAL NOTE
General note *CSS
942 ## - ADDED ENTRY ELEMENTS (KOHA)
Koha item type Books
Holdings
Withdrawn status Lost status Damaged status Home library Current library Shelving location Date acquired Full call number Accession Number Koha item type
      KAUAET KAUAET Scheme 23/07/2018 005.369 OMU/MA 18975 Book Bank scheme for SC students
free website counter